|
|
|
|
| LEADER |
00000nab a2200000 a 4500 |
| 001 |
vtls000483017 |
| 003 |
SK-MaSNL |
| 005 |
20260318122045.0 |
| 008 |
160202c1991 xo 0 hun |
| 015 |
|
|
|a SNBRB19rr/mm-uuuuu
|
| 035 |
|
|
|a CL0483152
|
| 040 |
|
|
|a SNKBUCL
|b slo
|c SNKBUCL
|e AACR2
|
| 041 |
0 |
|
|a hun
|
| 044 |
|
|
|a xo
|c SK
|
| 080 |
|
|
|a 373.5/.6(437=945.11)(091)
|2 1981
|
| 080 |
|
|
|a 943.7"19"
|2 1981
|
| 080 |
|
|
|a 376.7(437.6=945.11)
|2 1981
|
| 100 |
1 |
|
|a Popély, Gyula,
|d 1945-
|4 aut
|9 85478
|
| 245 |
1 |
0 |
|a A magyar kozépiskolai oktatáa Csehslovában (1918-1938). 1. rész
|b Kiseblségünk történelme
|c Gyula Popély
|
| 500 |
|
|
|a Začiatok
|
| 650 |
0 |
7 |
|a školy stredné s vyučovacím jazykom maďarským
|2 snkbucl
|9 893867
|
| 655 |
|
7 |
|a články z novín a časopisov
|2 snkbucl
|9 267496
|
| 773 |
0 |
|
|t Szabad újság
|g Roč. 1, č. 178 (17. 9. 1991), s. 7
|
| 850 |
|
|
|a Slovenská národná knižnica v Martine
|a MTA001
|
| 852 |
|
|
|a SNK
|b KIS3GCP
|
| 958 |
|
|
|a RK
|
| 958 |
|
|
|a HU
|
| 992 |
|
|
|a RBX
|
| 999 |
|
|
|c 2995302
|d 2997232
|